Strong year for property investment (Record no. 117667)
[ view plain ]
| 000 -LEADER | |
|---|---|
| fixed length control field | 01075cam a2200241 4500 |
| 001 - CONTROL NUMBER | |
| control field | WB@3612-554 |
| 008 - FIXED-LENGTH DATA ELEMENTS--GENERAL INFORMATION | |
| fixed length control field | 040707n2004 000 0 eng u |
| 035 ## - SYSTEM CONTROL NUMBER | |
| System control number | (Sirsi) u126733 |
| 245 ## - TITLE STATEMENT | |
| Title | Strong year for property investment |
| 260 ## - PUBLICATION, DISTRIBUTION, ETC. | |
| -- | 2004 |
| 490 ## - SERIES STATEMENT | |
| Series statement | Estates Gazette |
| Volume/sequential designation | (0427) 3 July 2004, 37(1) |
| 520 ## - SUMMARY, ETC. | |
| Summary, etc. | Institutions say they are on target for a strong year of property investment, despite figures that showed them selling out of the sector in the first quarter of 2004. Latest National Statistics figures on institutional investment showed pension funds and insurance companies sold £396m more of direct property than they bought in the first three months of this year. Although fund managers believe the statistics hide major investment in indirect vehicles. |
| 590 ## - LOCAL NOTE (RLIN) | |
| Local note | WB |
| 590 ## - LOCAL NOTE (RLIN) | |
| Local note | WB |
| 650 ## - SUBJECT ADDED ENTRY--TOPICAL TERM | |
| Topical term or geographic name entry element | INDIRECT PROPERTY INVESTMENT |
| 650 ## - SUBJECT ADDED ENTRY--TOPICAL TERM | |
| Topical term or geographic name entry element | FUND MANAGERS |
| 650 ## - SUBJECT ADDED ENTRY--TOPICAL TERM | |
| Topical term or geographic name entry element | INSTITUTIONAL INVESTMENT |
| 650 ## - SUBJECT ADDED ENTRY--TOPICAL TERM | |
| Topical term or geographic name entry element | PROPERTY-COMMERCIAL PROPERTY |
| 650 ## - SUBJECT ADDED ENTRY--TOPICAL TERM | |
| Topical term or geographic name entry element | YIELDS |
| 650 ## - SUBJECT ADDED ENTRY--TOPICAL TERM | |
| Topical term or geographic name entry element | INVESTMENT VEHICLES |
| 690 ## - LOCAL SUBJECT ADDED ENTRY--TOPICAL TERM (OCLC, RLIN) | |
| Topical term or geographic name as entry element | INVESTMENT |
| 942 ## - ADDED ENTRY ELEMENTS (KOHA) | |
| Suppress in OPAC | 0 |
| Withdrawn status | Lost status | Source of classification or shelving scheme | Damaged status | Not for loan | Home library | Current library | Shelving location | Date acquired | Total Checkouts | Full call number | Barcode | Date last seen | Copy number | Price effective from | Koha item type |
|---|---|---|---|---|---|---|---|---|---|---|---|---|---|---|---|
| Dewey Decimal Classification | London | London | News article | 07/07/2004 | WB4026-15 | 126733-1001 | 06/08/2019 | 1 | 06/08/2019 | News article |